000 01448nam a2200241Ii 4500
003 JO-AjNU
005 20240630101107.0
008 230605s9999||||xx |||||||||||||| ||und||
040 _aJO-AjNU
_bara
_erda
_cJO-AjNU
041 _aara
050 1 4 _aQA11 2015
100 _aطلال، هادي
_eمعد
_965912
245 0 0 _aتحليل وحدات الهندسة الواردة في كتب الرياضيات المدرسية في المرحلة المتوسطة في العراق في ضوء معايير المجلس الوطني لمعلمي الرياضيات في الولايات المتحدة الامريكية =Content analysis of the geometry units in mathematics text for upper intermediate stage in irag in the light of the standards of the in national council of teachers mathematics in USA (NCTM,2000 (NCTM,2000)
264 3 1 _a2015
300 _a50 ورقة
336 _atext
_btxt
_2rdacontent
337 _aunmediated
_bn
_2rdamedia
338 _avolume
_bnc
_2rdacarrier
500 _aرسالة جامعية (ماجستير في مناهج الرياضيات واساليب التدريس )--جامعة ال البيت، كلية العلوم التربوية(المفرق)، 2015، يشتمل على جداول توضيحية
650 4 _aالرياضيات - تعليم وتعليم - المرحلة المتوسطة - العراق
_957644
700 _aاحمد حسن القضاة
_eمشرف
_965914
942 _2lcc
_cTHS
999 _c29412
_d29412